Complete the Disney movie title p3 - Statistics

General Stats
  • This quiz has been taken 57 times
  • The average score is 13 of 15
Answer Stats
Hint Answer % Correct
Finding ____ Nemo
98%
________ Inc Monsters
95%
Wreck it _____ Ralph
95%
Lilo & ______ Stitch
95%
Big ____ 6 Hero
93%
Inside ___ Out
93%
The ________ and the Frog Princess
93%
Chicken ______ Little
90%
The Emperor’s New ______ Groove
88%
____ the Robinsons Meet
88%
Monsters __________ University
88%
Brother ____ Bear
83%
Home on the _____ Range
78%
Treasure ______ Planet
68%
The good ________ Dinosaur
65%
No matching quizzes found
Score Distribution
Percent of People with Each Score
Percentile by Number Answered
Your Score History
You have not taken this quiz